000 00144nam a22000857a 4500
082 _a823
100 _aBRAM STOKER
245 _aDRACULA
942 _cBK
999 _c8381
_d8381